| 000 | 01339nam a2200325 i 4500 | ||
|---|---|---|---|
| 001 | 186682 | ||
| 003 | SpMaBN | ||
| 005 | 20250809151044.0 | ||
| 008 | 170131s2015 sp ace |||| |dspa d | ||
| 020 | _a978-84-608-2272-1 | ||
| 080 | _a929 Luzón Nogué, José María | ||
| 080 | _a902(082.2) | ||
| 245 | 0 | 0 |
_aNavigare necesse est _b: estudios en homenaje a José María Luzón Nogué / _cedición de Jorge García Sánchez, Irene Mañas Romero, Fabiola Salcedo Garcés. |
| 260 |
_aMadrid : _bUniversidad Complutense de Madrid, Facultad de Geografía e Historia, _c2015. |
||
| 300 |
_a595 p. : _bil., mapas, planos, retr. ; _c30 cm. |
||
| 500 | _aÍndice. | ||
| 504 | _aBibliografía de J.M. Luzón Nogué: p. [25]-32. | ||
| 504 | _aReferencias bibliográficas. | ||
| 600 | 1 | 4 |
_aLuzón Nogué, José María- _vHomenajes. _9161628 |
| 650 | 7 |
_aArqueología _2embne _99975 |
|
| 700 | 1 |
_aLuzón Nogué, José María. _974913 |
|
| 700 | 1 |
_aGarcía Sánchez, Jorge. _9161629 |
|
| 700 | 1 |
_aMañas Romero, Irene. _9172432 |
|
| 700 | 1 |
_aSalcedo Garcés, Fabiola. _9172433 |
|
| 710 | 2 |
_aUniversidad Complutense de Madrid. _bFacultad de Geografía e Historia. _97126 |
|
| 710 | 2 |
_aAteneo de Madrid. _91875 |
|
| 852 |
_aES-MaACL _jA-13983 _9193739 _bR.151026 _cDEPO1 _dOlim: N-6983 |
||
| 942 |
_2udc _cMONOGRAFIA |
||
| 999 |
_c186682 _d186682 |
||